=LDR 00000nam 2200000 4500 =001 000251 =005 20250710121810 =035 ##$$a 0010-0725000082 =245 1#$$a Pergi ke pasar /$c Meera Tendolkar =100 #$$a Meera =250 ##$$a Cetakan pertama =300 ##$$a 16 hlm : $b Ilus. ; $c 21 cm =856 ##$$a TBM As suhada =260 ##$$a Rawamangun :$b Badan pengembangan dan pusat bahasa,$c 2022 =082 ##$$a PB 398.209 598 TEN p =084 ##$$a PB 398.209 598 TEN p MEE p =020 ##$$a 978-623-307-418-6 =650 #4$$a Cerita anak indonesia-terjemahan =600 #4$$a Literasi-bahan bacaan